Lil Wayne Discography (Complete) - Statistics

General Stats
  • This quiz has been taken 35 times
    11 since last reset
  • The average score is 25 of 64
Answer Stats
Year Type Answer % Correct
2004 Album Tha Carter
100%
2005 Album Tha Carter II
89%
2008 Album Tha Carter III
89%
2011 Album Tha Carter IV
89%
2018 Album Tha Carter V
89%
2025 Album Tha Carter VI
89%
2010 Album I Am Not A Human Being
78%
2010 Album Rebirth
78%
2003 Mixtape Da Drought
67%
2004 Mixtape Da Drought 2
67%
2007 Mixtape Da Drought 3
67%
2013 Album I Am Not A Human Being II
67%
1999 Album Tha Block Is Hot
67%
2006 Mixtape Dedication 2
56%
2008 Mixtape Dedication 3
56%
2012 Mixtape Dedication 4
56%
2013 Mixtape Dedication 5
56%
2017 Mixtape Dedication 6
56%
2006 Collaboration Album Like Father, Like Son
56%
2005 Mixtape The Dedication
56%
2007 EP The Leak
56%
2002 Album 500 Degreez
44%
2015 Album Free Weezy Album
44%
2023 Greatest Hits I AM MUSIC
44%
2000 Album Lights Out
44%
2009 Mixtape No Ceilings
44%
2015 Mixtape No Ceilings 2
44%
2020 Mixtape No Ceilings 3
44%
2002 Group Mixtape SQ2
44%
2002 Group Mixtape SQ3
44%
2002 Group Mixtape SQ4
44%
2002 Group Mixtape SQ5
44%
2002 Group Mixtape SQ: This Is The Sqad
44%
2023 EP Tha Fix Before Tha VI
44%
2009 Group Album We Are Young Money
44%
2001 Mixtape 10,000 Bars
33%
2011 Mixtape Sorry 4 The Wait
33%
2015 Mixtape Sorry 4 The Wait 2
33%
2003 Group Mixtape SQ6
33%
2004 Mixtape The Prefix
33%
2016 Collaboration Album Collegrove
22%
2018 Mixtape Dedication 6: Reloaded
22%
2014 Group Album Rise Of An Empire
22%
2005 Mixtape The Suffix
22%
2021 Collaboration Mixtape Trust Fund Babies
22%
2023 Collaboration Album Welcome 2 Collegrove
22%
1997 Group Album Get It How U Live!!
11%
1999 Group Album Guerrilla Warfare
11%
2017 EP In Tune We Trust
11%
2013 Group Album Rich Gang
11%
2017 Collaboration Mixtape T-Wayne
11%
2005 Group Mixtape Young Money The Mixtape, Vol. 1
11%
2000 Group Album Baller Blockin'
0%
2003 Group Album Let 'Em Burn
0%
2025 DJ Mix Lil Wayne: The Mix Before Tha VI
0%
2006 Mixtape Lil Weezy Ana Vol. 1
0%
2020 Mixtape No Ceilings 3 (B Side)
0%
2003 Group Mixtape SQ6: The Remix
0%
2006 Mixtape The Carter 2, Part 2: Like Father, Like Son
0%
2006 Mixtape The Carter Files
0%
2006 Mixtape The W. Carter Collection
0%
2006 Mixtape The W. Carter Collection 2
0%
1995 Collaboration Album True Story
0%
2002 Group Album Undisputed
0%
No matching quizzes found
Score Distribution
Percent of People with Each Score
Percentile by Number Answered
Your Score History
You have not taken this quiz since the last reset